| 000 | 00897nam a22001937a 4500 | ||
|---|---|---|---|
| 999 |
_c60906 _d60906 |
||
| 005 | 20231115162211.0 | ||
| 008 | 231115s1973 ru ||||| |||| 00| 0 rus d | ||
| 041 | _arus | ||
| 080 | _a94(37) K-78 | ||
| 100 |
_aКравчук, Александр _920405 |
||
| 245 |
_aЗакат Птолемеев / _cАлександр Кравчук : Пер. с польск. Д. С. Гальпериной; АН СССР, Ин-т востоковедения. |
||
| 264 |
_a М. : _bНаука, Главная редакция восточной литературы _c1973. |
||
| 300 |
_a216 с. _b20 см. |
||
| 653 | _aძველი ეგვიპტე | ||
| 653 | _aᲐნტიკური რომი | ||
| 700 |
_a Гальпериной, Д. С. _eმთარგმნელი _920406 |
||
| 710 |
_aАН СССР, Ин-т востоковедения _920407 |
||
| 942 |
_2udc _cᲬᲘᲒᲜᲘ |
||